| 000 | 02072nam a22003617a 4500 | ||
|---|---|---|---|
| 999 |
_c6594 _d6594 |
||
| 003 | OSt | ||
| 005 | 20260416083107.0 | ||
| 008 | 190228c xxuf||p| |||| 00| 0 spa d | ||
| 040 | _cPJ | ||
| 245 | 1 | 0 |
_aRevista de derecho laboral : _bla Ley de Contrato de Trabajo, 50 años después / _cdirector Mario E. Ackerman. |
| 260 |
_aSanta Fé : _bRubinzal-Culzoni, _c2024. |
||
| 300 |
_a559 p. _c22 cm. |
||
| 310 | _asemestral | ||
| 362 | _aNo. 2 (2024) | ||
| 505 |
_tComencemos y terminemos por el lado de los principios / _rCésar Arese. |
||
| 505 |
_tLa buena fe contractual en la ley de contrato de trabajo y en el nuevo diseño del Código Civil y Comercial / _rCarlos Alber o Livellara. |
||
| 505 |
_tDe la ley 11.729 a la ley 20.744 / _rAlejandro Sudera. |
||
| 505 |
_tIdentificación de la relación de dependencia / _rSilvia Díaz. |
||
| 505 |
_t“Ius variandi”. de la jurisprudencia a la norma / _rJuan Martín Segura. |
||
| 505 |
_tLa jornada de trabajo a más de noventa años de la sanción de la ley 11.544 y cincuenta años de la ley de contrato de trabajo / _rSilvia E. Pinto Varela. |
||
| 505 |
_tCuriosidades de la historia. la protección de la persona gestante en la ley de contrato de trabajo / _rHoracio Las Heras. |
||
| 505 |
_tLicencias laborales. su evolución desde la vigencia de la LCT / _rJorge Oscar. |
||
| 505 | _tIdentificación de la remuneración en el artículo 245 de la LCT / | ||
| 505 |
_tCómputo de la antigüedad a los efectos del artículo 245 de la LCT / _r Alejandro Sudera. |
||
| 505 |
_tLa transferencia del establecimiento o de la empresa y la cesión del contrato de trabajo / _rMiguel Ángel. |
||
| 505 |
_tEl paulatino retorno al artículo 276 de la LCT / _rRaúl Horacio Ojeda. |
||
| 650 | 0 |
_91316 _aDERECHO LABORAL |
|
| 650 | 0 |
_91383 _aLEY DE CONTRATO DE TRABAJO |
|
| 700 |
_91423 _aAckermann, Mario Eduardo _edirector |
||
| 856 |
_uhttps://www.rubinzal.com.ar/revistas/revista-de-derecho-laboral/5/?home=1 _yRubinzal Culzoni Editores |
||
| 942 |
_2udc _cPP _h347.1(05) _iREV |
||